000 00538nam a2200193Ia 4500
003 OSt
005 20230608093333.0
008 210423s2006 xx 000 0 und d
040 _cAL
041 _aeng
082 _a338.9
_223
_bGOVK
245 _aKarnataka: human development report 2005
260 _aBangalore
_bGovernment Of Karnataka
_c2006
365 _b500
_cINR
650 _aEconomics
_9122083
650 _aEconomics of Development
_9122084
906 _a2005 ; development ; human ; Karnataka: ; report
942 _2ddc
_cBK
999 _c175157
_d175157